A PRACTICAL BOOK OF PHARMACEUTICAL ENGINEERING (Record no. 5893)

MARC details
000 -LEADER
fixed length control field 00495nam a22001577a 4500
005 - DATE AND TIME OF LATEST TRANSACTION
control field 20240108105108.0
008 - FIXED-LENGTH DATA ELEMENTS--GENERAL INFORMATION
fixed length control field 190529b xxu||||| |||| 00| 0 eng d
020 ## - INTERNATIONAL STANDARD BOOK NUMBER
ISBN 978-93-88794-12-9
041 ## - LANGUAGE CODE
Language code of text/sound track or separate title eng
100 ## - MAIN ENTRY--AUTHOR NAME
Personal name USMAN, DR. MD.RAGEEB, JADHAV PRERNA N , CHAUBBY ,Dr. NEELESH SHAOKH Dr. MOHAMMED ZUBEER AND KEERTHY H.S
245 ## - TITLE STATEMENT
Title A PRACTICAL BOOK OF PHARMACEUTICAL ENGINEERING
260 ## - PUBLICATION, DISTRIBUTION, ETC. (IMPRINT)
Place of publication PUNE
Name of publisher NIRALI PRAKASHAN
300 ## - PHYSICAL DESCRIPTION
Number of Pages 124p,
650 ## - SUBJECT ADDED ENTRY--TOPICAL TERM
Topical Term PHARMACY
General subdivision B.PHARMA
942 ## - ADDED ENTRY ELEMENTS (KOHA)
Koha item type Books
Holdings
Lost status Damaged status Collection code Home library Current library Shelving location Date acquired Source of acquisition Cost, normal purchase price Full call number Accession Number Koha item type
    PHARMACY JRU Library JRU Library Shelf - 27- E 29/05/2019 PURCHESS 110.00 615.19 22842 Books
    PHARMACY JRU Library JRU Library Shelf - 27- E 29/05/2019 PURCHESS 110.00 615.19 22843 Books
    Reference JRU Library JRU Library Shelf - 27- E 29/05/2019 PURCHESS 110.00 615.19 22844 Books
    PHARMACY JRU Library JRU Library Shelf - 27- E 09/02/2022 PURCHASE 110.00 615.19 26110 Books
    PHARMACY JRU Library JRU Library Shelf - 27- E 09/02/2022 PURCHASE 110.00 615.19 26111 Books
    PHARMACY JRU Library JRU Library Shelf - 24- I 09/02/2022 PURCHASE 110.00 615.19 26112 Books